| 000 | 00694 a2200169 4500 | ||
|---|---|---|---|
| 003 | Nust | ||
| 005 | 20230404112059.0 | ||
| 040 | _cNust | ||
| 082 | _a910,EAS | ||
| 100 |
_aEast ,Gordon _9111705 |
||
| 245 |
_aThe Geography Behind History / _cGordon East |
||
| 260 |
_aLondon, _bThomas Nelson, |
||
| 300 | _a200:p | ||
| 505 | _aGeography as an Historical Document (Page-11), Geographical Position (Page-29), Climate and History (Page-48), Routes (Page-65), Towns (Page-87), Frontiers and Boundaries (Page-116), Habitat and Economy (Page-136), The Dawn of Civilization (Page-153), Europe and China (Page-174). | ||
| 650 |
_aGeography Behind History _9111706 |
||
| 942 |
_2ddc _cBK _k910,EAS |
||
| 999 |
_c186202 _d186202 |
||